|
|
|
|
| LEADER |
01056nab#a2200337#ar4500 |
| 001 |
000072997 |
| 003 |
SVKKK |
| 005 |
20070919103331.0 |
| 008 |
060725c xo e huno |
| FMT |
|
|
|
| 038 |
|
|
|a SVKKK
|
| 040 |
|
|
|a SVKKK
|b slo
|e AACR2
|
| 041 |
0 |
|
|a hun
|
| 044 |
|
|
|a xo
|c SK
|
| 080 |
|
|
|a 061.2
|2 1997
|
| 080 |
|
|
|a 177
|2 1997
|
| 080 |
|
|
|a 296:061.2
|2 1997
|
| 242 |
1 |
0 |
|a Dar
|
| 245 |
0 |
0 |
|a Adomány
|
| 500 |
|
|
|a mikrofilm
|
| 520 |
2 |
|
|a Správa o tom, že gróf Dionýz Andráši daroval finančnú čiastku 300 korún pre potreby dobročinného židovského ženského spolku v Sátoraljaujhely (HU)
|
| 650 |
0 |
4 |
|a dar finančný (300 korún) - dobročinný židovský ženský spolok, Sátoraljaujhely (adresát) - Andráši, Dionýz (gróf) (darca) - november 1908 - správy
|
| 773 |
0 |
|
|t Felvidéki Hirlap : Közgazdasági, társadalmi és szépirodalmi hetilap
|g Roč. 1, č. 33 (01.11.1908) s. 2
|
| 957 |
|
|
|a 808
|
| 957 |
|
|
|a 811
|
| 958 |
|
|
|a DG
|
| 958 |
|
|
|a HU
|
| 974 |
|
|
|a Ba
|
| 992 |
|
|
|a RBX
|
| BAS |
|
|
|
| 998 |
|
|
|a RETRO
|